banner-ar

لماذا لايتعلم طفلى ? / (Record no. 44184)

MARC details
000 -الفاتح
حقل البيانات ثابتة الطول 00675nam a2200205Ia 4500
008 - عناصر البيانات ثابتة الطول - معلومات عامة
حقل البيانات ثابتة الطول 140319s9999 xx 000 0 ara d
040 ## - مصدر الفهرسة
وكالة الفهرسة الأصلية GCL /
وكالة النسخ GCL
082 04 - رقم تصنيف ديوى العشرى
رقم التصنيف 370.158
رقم المادة س ل
100 1# - المدخل الرئيسى - إسم شخصى
الإسم الشخصى ستالى ليبرمان سميث
245 10 - بيان العنوان
العنوان لماذا لايتعلم طفلى ? /
بيان المسئوليه,etc ستالى ليبرمان سميث
700 1# - المدخل الاضافى - اسم شخصى
الإسم الشخصى احمد عباس عبدالله
700 1# - المدخل الاضافى - اسم شخصى
الإسم الشخصى رجاء محمود ابوعلام (مراجعه)
300 ## - الوصف المادى
التعداد 452
490 ## - بيان السلسلة
عنوان السلسلة سلسلة الدراسات العلمية الموسمية المتخصصة
رقم المجلد/ التعيين التسلسلي 0
650 04 - المدخل الاضافى بالموضوع-مصطلح موضوعى
مصطلح موضوعي الاطفال
650 04 - المدخل الاضافى بالموضوع-مصطلح موضوعى
مصطلح موضوعي علم النفس
650 04 - المدخل الاضافى بالموضوع-مصطلح موضوعى
مصطلح موضوعي التعلم
942 ## - عناصر المدخل الإضافي( كوها)
مصدر التصنيف او مخطط الترفيف Dewey Decimal Classification
Koha [default] item type كتاب
Holdings
حالة التراجع حالة الفقد حالة تلف ليس للاعارة المكان المؤقت الموقع الحالى تاريخ الاكتساب اجمالي اﻻعارات رقم الطلب الباركود تاريخ اخر مشاهدة تاريخ تفعيل السعر نوع وعاء كوها
        مكتبة القاهرة الكبرى مكتبة القاهرة الكبرى 03/26/2014   370.158\س ل 107314 03/26/2014 03/26/2014 كتاب
        مكتبة القاهرة الكبرى مكتبة القاهرة الكبرى 03/26/2014   370.158\س ل 107315 03/26/2014 03/26/2014 كتاب
        مكتبة القاهرة الكبرى مكتبة القاهرة الكبرى 03/26/2014   370.158\س ل 107316 03/26/2014 03/26/2014 كتاب

Powered By

EGPV